01666agaaa2200289 45000010005000000030009000050050017000140070009000310080040000400400023000800410013001031000042001161300013001582450143001712500022003142600127003363000033004635080136004965110074006325200418007065380016011245460013011406500054011537000054012077000060012617000055013215959IT-RoPAU20220918181250.0d cvaizq50131s9999||||xx ||| | || ||und|| aIT-RoPAUcIT-RoPAU aITALIANO aOz FrankgCodice regista SPICS: 40204 aIN & OUT aIN & OUTcProdotto da: Rudin Scott -- Sceneggiatura: Rudnick Paul -- Diretto da: Oz FrankpIN & OUT (Rif. Codice opera principale : F5959) aEdizione Standard a(USA)bSPELLING FILMS INTERNATIONAL / Distribuzione: LUCKY RED HOME VIDEOg"1998 (1° ed.: 1998 ; Ed. Lingua Orig.: 1997)" aVHSbsonoro, col.c90 minuti a"Fotografia: Hahn Rob; Montaggio: Hanley D. Jympson J.; Musica: Shaiman Marc; Sceneggiatura: Rudnick Paul; Scenografia: Adam Ken; " a"Kline Kevin; Cusack Joan; Selleck Tom; Dillon Matt; Reynolds Debbie" aCAMERON DRAKE, UN EX ALLIEVO DI HOWARD BRACKETT, PREMIATO CON L'OSCAR PER L'INTERPRETAZIONE DI UN SOLDATO GAY, NEL DISCORSO DI RINGRAZIAMENTO PARLA CON LEGGEREZZA DELL'OMOSESSUALITA' CHE IL SUO PROFESSORE DI LICEO AVREBBE TENUTA NASCOSTA A SE STESSO E AGLI ALTRI. LA VITA DI HOWARD, CHE STA PER SPOSARSI, VIENE SCONVOLTA. PETER MALLOY, GIORNALISTA TELEVISIVO GAY, E' DECISO A FAR AMMETTERE A HOWARD DI ESSERE GAY. aPAL, STEREO aITALIANO aCOMMEDIAeFILMS [VHS]xCodice MATERIA SPICS: 9960 aOz Frank e(regista)gCodice regista SPICS: 40204 aRudnick Paul e(soggetto)gCodice Soggetto SPICS: 52260 aShaiman Marce(musica)gCodice Musica SPICS: 35113